| 000 | 01194 a2200241 4500 | ||
|---|---|---|---|
| 003 | Nust | ||
| 005 | 20221226114833.0 | ||
| 010 | _a 00267644 | ||
| 020 | _a0198564538 (pbk.) | ||
| 020 | _a0198564546 (hbk.) | ||
| 040 | _cNust | ||
| 082 | 0 | 0 | _a621.39,CIE |
| 100 | 1 |
_aClements, Alan, _936564 |
|
| 245 | 1 | 4 |
_aThe principles of computer hardware / _cAlan Clements. |
| 250 | _a2nd ed. | ||
| 260 |
_aOxford : _bOxford University Press, _c2000. |
||
| 300 |
_axvi, 716 p. : _bill. ; _c26 cm. + 1 computer optical disc (4 3/4 in.) |
||
| 505 | _aIntroduction to Computer Hardware (Page-1), Logic Elements and Boolean Algebra (Page-21), Sequential Logic (Page-83), Computer Arithmetic (Page-141), The Central Processing Unit (Page-227), Assembly Language Programming and the 68000 Microprocessor (Page-289), Input/Output (Page-356), Computer Memory (Page-436), Computer Communications (Page-519), Operating Systems (Page-589). | ||
| 650 | 0 | _aElectronic digital computers. | |
| 856 | 4 | 2 |
_3Publisher description _uhttp://www.loc.gov/catdir/enhancements/fy0608/00267644-d.html |
| 856 | 4 | 2 |
_3Table of contents only _uhttp://www.loc.gov/catdir/enhancements/fy0608/00267644-t.html |
| 942 |
_2ddc _cBK |
||
| 999 |
_c176089 _d176089 |
||